| 000 | 00365nam a2200133Ia 4500 | ||
|---|---|---|---|
| 008 | 210210b1991 xxu||||| |||| 00| 0 eng d | ||
| 082 | _a371.1092 NARN | ||
| 100 | _aNARASIMHAIAH (C D). | ||
| 245 | _aN for nobody: autobiography of an english teacher. | ||
| 260 |
_aDelhi _bB R Publishing Corporation _c1991 |
||
| 300 | _a325 | ||
| 690 | _aEducation | ||
| 906 | _a045976 | ||
| 999 |
_c95616 _d95616 |
||